Europejskie miasta na literę B - quiz na mapie - Statystyki

Ogólne statystyki
  • Ten quiz został rozwiązany 16 680 razy
  • Średni wynik to 14 z 23
Odpowiedzi na mapie
Odpowiedzi zakodowano w zielono-czerwonej skali na mapie do tego quizu, zgodnie z poniższymi procentami.
 
Statystyki odpowiedzi
Odpowiedź % Poprawnych
Barcelona
86%
Bydgoszcz
86%
Berlin
82%
Budapeszt
74%
Birmingham
73%
Bukareszt
73%
Bordeaux
71%
Bristol
67%
Bruksela
67%
Belgrad
65%
Bilbao
65%
Belfast
64%
Brno
60%
Bergen
57%
Bolonia
57%
Brema
57%
Bari
52%
Burgas
51%
Berno
50%
Brescia
46%
Brugia
45%
Brest
42%
Bazylea
41%
Nie znaleziono quizów pasujących do podanych kryteriów
Rozkład punktacji
Procent ludzi z każdym wynikiem
Percentyl według liczby udzielonych odpowiedzi
Twoja historia wyników
Nie rozwiązałeś tego quizu